Účasť obchodu na formovaní socialistického spôsobu života a životného prostredia kandidátska dizertačná práca
Gespeichert in:
| 1. Verfasser: | |
|---|---|
| Körperschaft: | |
| Weitere Verfasser: | |
| Format: | Buch |
| Sprache: | Slowakisch |
| Veröffentlicht: |
Bratislava
1979
|
| Schlagworte: | |
| Tags: |
Keine Tags, Fügen Sie das erste Tag hinzu!
|
MARC
| LEADER | 00000nam a2200000 4500 | ||
|---|---|---|---|
| 001 | c110790 | ||
| 005 | 20230116083753.5 | ||
| 041 | 0 | |a slo | |
| 044 | |a SK | ||
| 245 | 1 | 0 | |a Účasť obchodu na formovaní socialistického spôsobu života a životného prostredia |b kandidátska dizertačná práca |c Lívia Bukovinská ; Ladislav Rendoš |
| 264 | 1 | |a Bratislava |c 1979 | |
| 300 | |a 150 s. | ||
| 610 | 2 | 0 | |a štýl životný |
| 610 | 2 | 0 | |a socializmus |
| 610 | 2 | 0 | |a potreby obyvateľstva |
| 610 | 2 | 0 | |a práca |
| 610 | 2 | 0 | |a obchod |
| 610 | 2 | 0 | |a nákup |
| 610 | 2 | 0 | |a čas voľný |
| 610 | 2 | 0 | |a služby obchodné |
| 610 | 2 | 0 | |a výrobky |
| 610 | 2 | 0 | |a kvalita výrobkov |
| 610 | 2 | 0 | |a siete obchodné |
| 100 | 1 | |a Bukovinská, Lívia | |
| 700 | 1 | |a Rendoš, Ladislav | |
| 710 | 2 | |a Vysoká škola ekonomická v Bratislave | |